ბათუმის შოთა რუსთაველის სახელმწიფო უნივერსიტეტის ბიბლიოთეკა

ჩანაწერი Topical Term

ჩანაწერთა რაოდენობა, რომელიც გამოყენებულია: 1

001 - CONTROL NUMBER

  • control field: 9703

003 - CONTROL NUMBER IDENTIFIER

  • control field: GE_BSU

005 - DATE AND TIME OF LATEST TRANSACTION

  • control field: 20201105122140.0

008 - FIXED-LENGTH DATA ELEMENTS

  • fixed length control field: 201105|| aca||aabn | a|a d

040 ## - CATALOGING SOURCE

  • Original cataloging agency: GE_BSU
  • Transcribing agency: GE_BSU

150 ## - HEADING--TOPICAL TERM

  • Topical term or geographic name entry element: Antitrust law
  • Geographic subdivision: Great Britain.

670 ## - SOURCE DATA FOUND

  • Source citation: Work cat.: (GE_BSU)0: Whish, Richard, author. 9701, Competition law /